College Quizbowl Stats
College Quizbowl Stats
Circuits
Seasons
Sets
Records
Detailed Stats
About
Loading...
Pacific
Tossups
Bonuses
Players
Teams
Categories (Tossup)
Categories (Bonus)
Samuel Gao
Michigan State B
Categories
Category
Powers
Gets
Negs
BBs
Points
Earliest Buzz
Avg. Buzz
First Buzzes
Top 3 Buzzes
BPA
PVF
Science - Physics
0
2
0
0
20
29
64.50
1
1
0.00
0.00
History - World
0
1
0
0
10
29
29.00
0
0
0.00
0.00
Literature - World
0
1
0
1
10
98
98.00
0
0
0.00
0.00
Popular Culture
0
1
0
0
10
90
90.00
0
0
0.00
0.00
Buzzes
Category
Answer
Value
Buzz Position
History - World
Pakistan
10
29
Science - Physics
energy
10
29
Popular Culture
dashing
10
90
Literature - World
The Kite Runner
10
98
Science - Physics
electrons
10
100
Previous
1
Next